| 000 | 00570nam a22002057a 4500 | ||
|---|---|---|---|
| 003 | OSt | ||
| 005 | 20140310182752.0 | ||
| 008 | 130202t xxu||||| |||| 00| 0 eng d | ||
| 020 | _a9710412105 | ||
| 050 |
_aBF 131 _b.G459 2011 |
||
| 082 |
_aM 150.7 _bG459 2011 |
||
| 245 |
_aGeneral psychology _c Gigante-Labiste, Maria Caridad , Brazalote, Tumoroh Carin |
||
| 260 |
_aMandaluyong City : _bBooks Atbp., _cc2011. |
||
| 300 |
_a266 p. _c21.5 cm. |
||
| 521 | _acollege students | ||
| 526 | _c1210L-1700L | ||
| 541 | _j1 | ||
| 562 | _e1 | ||
| 942 |
_2lcc _cBK _kM |
||
| 999 |
_c15781 _d15781 |
||